Juan Gómez Millas miembro académico de la facultad

Saved in:
Bibliografiske detaljer
Hovedforfatter: Gómez Millas, Juan (Author)
Format: Bog
Sprog:spansk
Udgivet: Valparaíso Universidad Católica de Valparaíso 1964
Fag:
Tags: Tilføj Tag
Ingen Tags, Vær først til at tagge denne postø!

MARC

LEADER 00000nam a2200000 a 4500
001 UCP7602
003 CL-VaPUC
008 991217e19640000CL |||||||||||||||||spa|d
082 0 4 |a Ch865  |b GOM  |2 21 
100 0 |a Gómez Millas, Juan  |e author  |9 307867 
245 1 0 |a Juan Gómez Millas miembro académico de la facultad 
300 |a 30 p 
942 |c BK 
945 |d 19991217 00:00:00  |a rherrera 
260 |a Valparaíso  |b Universidad Católica de Valparaíso  |c 1964 
650 7 |a DISCURSOS CHILENOS  |2 CL-VaPUC  |9 374457 
650 0 |a Filosofía   |9 223554 
650 0 |a Educación  |9 258661 
583 |a last modification  |c 19991217 00:00:00  |k Rodrigo Vera 
999 |c 284722  |d 284720 
952 |0 0  |1 0  |4 0  |6 CH_865_000000000000000_GOM_1964  |7 0  |8 A  |9 328905  |a BIBHIS  |b BIBHIS  |d 2019-11-20  |i 1379526  |o Ch865 GOM 1964  |p 1379526  |r 2025-01-20  |w 2019-11-20  |y BK  |k HIS